Liga Mistrzów siatkarzy 2025/26 - nagrody indywidualne - Statystyki

Ogólne statystyki
  • Ten quiz został rozwiązany 14 razy
  • Średni wynik to 5 z 9
Statystyki odpowiedzi
Nagroda Zawodnik Narodowość Klub % Poprawnych
Najlepsi środkowi Mateusz Bieniek Polska Aluron CMC Warta Zawiercie
90%
Tomasz Fornal Polska Ziraat Bankkart
80%
Jurij Gładyr Ukraina Aluron CMC Warta Zawiercie
70%
Najlepszy rozgrywający Simone Giannelli Włochy Sir Safety Perugia
70%
Najlepszy atakujący Wassim Ben Tara Tunezja Sir Safety Perugia
60%
Najlepszy trener Angelo Lorenzetti Włochy Sir Safety Perugia
20%
MVP Massimo Colaci Włochy Sir Safety Perugia
20%
Najlepszy libero Massimo Colaci Włochy Sir Safety Perugia
20%
Najlepsi przyjmujący Ołeh Płotnycki Ukraina Sir Safety Perugia
20%
Nie znaleziono quizów pasujących do podanych kryteriów
Rozkład punktacji
Procent ludzi z każdym wynikiem
Percentyl według liczby udzielonych odpowiedzi
Twoja historia wyników
Nie rozwiązałeś tego quizu